| 000 | 00884nas a2200253Ia 4500 | ||
|---|---|---|---|
| 001 | R109/44566 | ||
| 003 | IT-RoPAU | ||
| 008 | 151124c99999999xx |||||||||||| ||und|| | ||
| 040 | _aIT-RoPAU | ||
| 040 | _cIT-RoPAU | ||
| 041 | _aFRANCESE | ||
| 100 |
_aMorin Edgar _gCodice Aut. SPICS: 3555 |
||
| 210 | _aCOMMUNICATIONS | ||
| 222 | _aCommunications | ||
| 245 |
_aCOMMUNICATIONS, N.25 (1976) _bPour Une Crisologie |
||
| 250 | _a1a ed. | ||
| 260 |
_aPARIS _bSEUIL _c1976 |
||
| 501 |
_bPaulus - SPICS - Società San Paolo EM (non-commercial uses only) _cCopyright2015 |
||
| 300 | _a15 p. [149-163] | ||
| 362 | _aN.25 (1976) | ||
| 500 | _aPer-Una-Crisologia Antagonismo-Antiorganizzativo Problematica-Dell'Antagonismo Complessità-Teorica-Della-Crisi Componenti-Del-Concetto-Di-Crisi Crisi-E-Trasformazioni | ||
| 650 |
_aCOMUNICAZIONE _vPUBBLICAZIONE PERIODICA |
||
| 942 | _cCR | ||
| 999 |
_c197592 _d197592 |
||